Top 500 Baby Girl Names of 2004-USA - Statistics

General Stats
  • This quiz has been taken 2,835 times
  • The average score is 269 of 500
Answer Stats
Rank Hint Answer % Correct
331 A Alivia
97%
315 E Emely
97%
313 E Emilee
97%
458 E Emilie
97%
1 E Emily
97%
2 E Emma
97%
4 O Olivia
97%
230 H Hanna
95%
139 A Ana
94%
20 A Anna
94%
398 A Anne
94%
5 H Hannah
94%
87 I Isabel
93%
107 I Isabelle
93%
434 E Elisabeth
91%
320 E Eliza
91%
10 E Elizabeth
91%
442 I Isabela
91%
7 I Isabella
91%
395 I Izabella
91%
486 M Marie
91%
62 M Mary
91%
68 S Sara
91%
12 S Sarah
91%
29 E Ella
89%
492 E Elle
88%
13 G Grace
88%
21 J Jessica
88%
35 K Katherine
88%
42 M Maria
88%
25 A Ava
87%
103 C Catherine
87%
122 K Kathryn
87%
129 L Laura
87%
3 M Madison
87%
408 M Madisyn
87%
454 M Madyson
87%
96 A Amelia
86%
469 E Emilia
86%
39 J Jennifer
86%
28 V Victoria
86%
30 M Mia
85%
32 J Julia
84%
16 L Lauren
84%
389 L Lauryn
84%
212 L Lilly
84%
53 L Lily
84%
69 S Sofia
84%
15 | 135 S Sophia
84%
6 A Abigail
83%
72 A Alexa
83%
294 A Allie
82%
106 A Amy
82%
8 A Ashley
82%
261 J Julie
82%
170 C Charlotte
81%
23 C Chloe
81%
102 K Katie
81%
64 L Leah
81%
9 S Samantha
81%
402 A Alice
80%
283 A Ashlee
80%
417 A Ashleigh
80%
459 J Jane
80%
147 K Kate
80%
37 A Alexandra
79%
229 A Alison
79%
40 A Allison
79%
238 A Allyson
79%
456 A Alyson
79%
392 H Hailee
79%
24 H Hailey
79%
493 H Haleigh
79%
45 H Haley
79%
237 H Haylee
79%
247 H Hayley
79%
264 K Kristen
79%
98 M Melissa
79%
370 R Rachael
79%
34 R Rachel
79%
66 A Amanda
78%
198 E Eva
78%
97 M Molly
78%
19 N Natalie
78%
461 N Nataly
78%
383 A Annie
77%
189 E Ellie
77%
355 R Rose
77%
54 Z Zoe
77%
208 Z Zoey
77%
84 E Evelyn
76%
127 A Angel
75%
116 B Breanna
75%
120 B Briana
75%
17 B Brianna
75%
43 N Nicole
75%
425 A Alexus
74%
130 A Alicia
74%
447 A Alisha
74%
391 B Bryanna
74%
65 L Lillian
74%
133 M Margaret
74%
55 S Stephanie
74%
11 A Alexis
73%
79 A Ariana
73%
86 A Arianna
73%
260 B Bella
73%
74 C Caroline
73%
495 E Ellen
73%
203 L Lucy
73%
123 C Christina
72%
439 C Cristina
72%
91 D Danielle
72%
181 J Jasmin
72%
26 J Jasmine
72%
185 J Jazmin
72%
245 J Jazmine
72%
61 K Kimberly
72%
325 K Kristina
72%
83 M Maya
72%
115 M Mya
72%
70 R Rebecca
72%
90 D Diana
71%
401 M Madalyn
71%
332 M Madeleine
71%
63 M Madeline
71%
111 M Madelyn
71%
36 M Megan
71%
217 M Meghan
71%
22 T Taylor
71%
333 A Alissa
70%
14 A Alyssa
70%
77 A Avery
70%
109 J Jade
70%
373 K Kiley
70%
141 K Kylee
70%
67 M Michelle
70%
306 N Nora
70%
235 R Rebekah
70%
75 V Vanessa
70%
193 V Veronica
70%
18 K Kayla
69%
380 K Kyleigh
69%
49 K Kylie
69%
80 A Audrey
68%
110 G Gabriela
68%
76 G Gabriella
68%
58 K Katelyn
68%
428 L Lisa
68%
89 M Melanie
68%
166 A Abby
67%
88 A Amber
67%
207 B Bethany
67%
161 C Caitlin
67%
165 C Caitlyn
67%
143 D Daisy
67%
56 J Jenna
67%
296 K Kaitlin
67%
33 K Kaitlyn
67%
453 K Kaitlynn
67%
255 K Katelynn
67%
160 A Addison
66%
105 A Angela
66%
118 D Daniela
66%
326 D Daniella
66%
52 F Faith
66%
73 G Gabrielle
66%
366 G Georgia
66%
179 H Hope
66%
138 K Kelly
66%
60 A Angelina
65%
99 C Claire
65%
284 C Clara
65%
95 E Erin
65%
293 H Holly
65%
242 J Josephine
65%
250 L Laila
65%
167 L Layla
65%
354 L Leila
65%
416 R Rosa
65%
57 A Andrea
64%
300 A Annabelle
64%
190 A Aubrey
64%
46 B Brooke
64%
155 K Karen
64%
114 G Gracie
63%
142 N Natalia
63%
59 R Riley
63%
158 R Ruby
63%
136 R Rylee
63%
411 R Ryleigh
63%
318 R Rylie
63%
291 S Stella
63%
240 B Brittany
62%
231 V Vivian
62%
350 B Britney
61%
489 B Brittney
61%
301 E Eleanor
61%
364 H Helen
61%
484 J Jessie
61%
251 J Joanna
61%
249 K Kara
61%
44 M Mackenzie
61%
213 M Makenzie
61%
151 M Mckenzie
61%
243 N Nina
61%
180 V Valerie
61%
269 A Alaina
60%
303 A Alayna
60%
457 E Elaina
60%
214 E Elena
60%
71 J Jordan
60%
186 J Jordyn
60%
308 K Kaylie
60%
257 K Keira
60%
187 K Kiara
60%
275 K Kira
60%
220 K Kyra
60%
47 M Makayla
60%
282 M Michaela
60%
156 M Mikayla
60%
119 A Adriana
59%
210 A Adrianna
59%
125 A Alexandria
59%
101 B Brooklyn
59%
346 B Brooklynn
59%
386 I Ivy
59%
446 J Jenny
59%
164 J Juliana
59%
200 J Julianna
59%
196 S Sadie
59%
92 S Sierra
59%
322 C Ciara
58%
349 C Cierra
58%
324 J Josie
58%
205 M Maggie
58%
273 S Savanna
58%
41 S Savannah
58%
472 A Alanna
57%
176 A Angelica
57%
437 C Cora
57%
137 K Kendall
57%
145 N Naomi
57%
82 A Autumn
56%
470 C Carla
56%
173 C Cassandra
56%
369 C Christine
56%
121 C Courtney
56%
226 E Elise
56%
297 E Esther
56%
228 K Kailey
56%
463 K Kaleigh
56%
195 K Karla
56%
344 K Kassandra
56%
50 K Kaylee
56%
379 K Kiera
56%
31 M Morgan
56%
351 R Ruth
56%
94 A Aaliyah
55%
288 C Camila
55%
285 K Kayleigh
55%
419 L Linda
55%
126 L Lydia
55%
51 P Paige
55%
178 A Alana
54%
277 A April
54%
219 A Ariel
54%
177 C Carly
54%
254 C Carolina
54%
376 I Iris
54%
225 M Monica
54%
317 P Patricia
54%
405 P Phoebe
54%
312 M Melody
53%
259 S Selena
53%
302 S Serena
53%
140 S Summer
53%
221 A Aliyah
52%
38 D Destiny
52%
183 E Erica
52%
192 E Erika
52%
244 H Heather
52%
108 J Jacqueline
52%
480 J Joy
52%
490 L Lila
52%
304 N Natasha
52%
175 T Tiffany
52%
132 A Alexia
51%
100 B Bailey
51%
499 B Baylee
51%
253 C Camille
51%
194 C Chelsea
51%
328 F Fiona
51%
124 G Gianna
51%
81 J Jada
51%
452 J Janet
51%
329 J Jayda
51%
199 J Jamie
50%
465 L Lana
50%
426 F Francesca
49%
316 K Kathleen
49%
223 L Liliana
49%
280 S Sandra
49%
148 K Kelsey
48%
27 S Sydney
48%
323 T Tara
48%
345 C Callie
47%
403 K Kassidy
47%
474 M Macie
47%
233 M Macy
47%
335 M Marisa
47%
78 M Marissa
47%
497 M Martha
47%
128 M Miranda
47%
289 N Nancy
47%
159 P Payton
47%
134 P Peyton
47%
400 S Skye
47%
409 T Teresa
47%
168 C Cassidy
46%
85 J Jocelyn
46%
412 J Joselyn
46%
271 K Kendra
46%
215 N Nadia
46%
374 S Sidney
46%
321 A Aurora
45%
172 B Bianca
45%
252 C Cameron
45%
224 C Camryn
45%
239 C Carmen
45%
163 C Crystal
45%
152 J Jillian
45%
299 K Kamryn
45%
117 K Kennedy
45%
431 K Krystal
45%
149 S Sabrina
45%
256 S Shannon
45%
276 T Tessa
45%
429 D Dana
44%
241 L Lindsay
43%
146 L Lindsey
43%
154 S Skylar
43%
310 S Skyler
43%
131 A Ashlyn
42%
287 A Ashlynn
42%
174 V Valeria
42%
343 H Heidi
41%
319 L Lexi
41%
487 B Brielle
40%
382 C Casey
40%
340 E Eden
40%
424 L Lacey
40%
500 L Laci
40%
93 L Leslie
40%
407 L Lesly
40%
413 L Lucia
40%
356 N Nia
40%
286 A Anastasia
39%
162 K Kyla
39%
274 M Miriam
39%
157 P Paris
39%
201 B Brenda
38%
279 C Cecilia
38%
404 G Genevieve
38%
362 H Harley
38%
281 K Katrina
38%
202 M Mckenna
38%
368 S Sasha
38%
298 K Kirsten
37%
266 P Piper
37%
334 T Talia
37%
338 Y Yasmin
37%
394 A Alina
36%
222 C Cynthia
36%
314 E Eliana
36%
422 G Gloria
36%
455 K Kiersten
36%
445 N Noelle
36%
466 T Tania
36%
48 T Trinity
36%
307 W Wendy
36%
309 B Bridget
35%
386 H Halle
35%
438 H Hallie
35%
113 M Mariah
35%
367 C Clarissa
34%
227 M Makenna
34%
171 M Mariana
34%
104 N Nevaeh
34%
191 S Serenity
34%
112 S Shelby
34%
432 T Tiana
34%
482 V Valentina
34%
305 C Cindy
33%
278 D Dakota
33%
494 E Elisa
33%
336 M Meredith
33%
491 R Raegan
33%
144 R Reagan
33%
420 R Regan
33%
270 C Claudia
32%
353 D Denise
32%
197 K Karina
32%
188 M Mallory
32%
357 M Marina
32%
488 A Athena
31%
444 T Tabitha
31%
184 G Genesis
30%
478 I India
30%
216 J Jayla
30%
440 V Virginia
30%
262 A Aniya
29%
295 A Aniyah
29%
468 A Anya
29%
204 C Celeste
29%
182 G Giselle
29%
449 M Malia
29%
209 A Amaya
28%
359 B Brynn
28%
258 R Reese
28%
475 R Renee
28%
358 S Sage
28%
218 C Cadence
27%
169 D Delaney
27%
248 J Jaden
27%
292 J Jadyn
27%
430 J Jaiden
27%
236 J Jayden
27%
390 K Kadence
27%
377 K Kaydence
27%
372 T Tori
27%
450 W Whitney
27%
441 A Amara
26%
268 H Heaven
26%
352 L Logan
26%
462 M Monique
26%
435 R Ryan
26%
378 A Angie
25%
418 C Carolyn
25%
272 F Fatima
25%
433 V Viviana
25%
150 C Cheyenne
23%
399 A Ainsley
22%
464 J Jimena
22%
290 T Tatiana
22%
397 X Ximena
22%
451 D Deanna
21%
476 D Dylan
21%
448 L Larissa
21%
347 P Priscilla
21%
477 S Simone
21%
471 C Carissa
20%
234 D Desiree
20%
341 L Leilani
20%
330 B Brenna
19%
265 R Raven
19%
206 A Alejandra
18%
479 A Anika
18%
327 A Annika
18%
211 E Esmeralda
18%
485 M Marlene
18%
410 N Nyla
18%
365 S Samara
18%
348 S Shayla
17%
363 K Kiana
16%
414 P Paulina
16%
443 R Raquel
16%
246 A Asia
15%
396 M Marisol
15%
337 M Mercedes
15%
384 T Tatum
15%
153 A Alondra
14%
496 J Justice
13%
406 L Liberty
13%
483 M Miracle
13%
263 D Diamond
12%
339 Y Yesenia
12%
423 A Amya
11%
436 K Kaylin
11%
473 S Sarai
10%
267 G Guadalupe
9%
360 I Itzel
9%
393 N Nayeli
9%
342 P Paola
9%
385 S Shania
9%
421 T Taryn
9%
311 J Julissa
8%
481 A America
7%
381 A Anahi
7%
498 F Fernanda
7%
388 I Imani
7%
232 L Lizbeth
6%
467 A Ayanna
5%
415 M Maritza
5%
361 P Perla
5%
375 T Tamia
5%
427 D Dayanara
4%
371 J Janiya
4%
460 D Dulce
3%
No matching quizzes found
Score Distribution
Percent of People with Each Score
Percentile by Number Answered
Your Score History
You have not taken this quiz